| 000 | 00536nam 22001693 4500 | ||
|---|---|---|---|
| 001 | 199019 | ||
| 090 | _a199019 | ||
| 100 | _a20251113d u||y0pory50 ba | ||
| 200 |
_aDicionário estrutural, estilístico e sintático da língua portuguesa _fpor Énio Ramalho |
||
| 210 |
_aPorto _cLivraria Chardron de Lello & Irmão Editores _d1985 |
||
| 215 |
_a849 p. _cEncadernado _d19 cm |
||
| 606 |
_93131 _aDicionários |
||
| 675 |
_a030 _vPT _zpor |
||
| 700 |
_914923 _aRamalho _bÉnio |
||
| 801 |
_aPT _bBMMN _gRPC |
||
| 830 |
_cFernando _fFernando |
||
| 990 | _cLIVROS | ||